00912nam a2200253 i 4500001000300000100002200003245008300025260008100108300002100189650001500210655005000225020001500275040000800290041000700298080001900305920001800324942000700342008004100349999001700390856009800407952005500505952004900560952004900609bg1 aSMOLIK, Sylwester10aZadania z zastosowań matematyki dla akademii rolniczych /cSylwester Smolik. aWarszawa :bWydaw. SGGW [Szkoły Głównej Gospodarstwa Wiejskiego],c2000. a212 s. ;c24 cm. 9aMatematyka aĆwiczenia i zadania dla szkół wyższych a8372441677 cBPK0 apl a51(075.8)(076) a83-7244-167-7 cKS s pl f |000 0 pol  c42300d42300 uhttp://koha.tu.koszalin.pl/cgi-bin/koha/opac-detail.pl?biblionumber=42300yKatalog online BPK 00104071aBPKbBPKcco66200p01901993t51 MyKS 00104070aBPKbBPKcwo66201p01901986yKS 00104070aBPKbBPKcwo66202p01901979yKS